00679cam a22002654a 4500001000800000003000400008005001700012008004100029040003100070041000800101044000700109080001800116100002900134245004200163250001200205260003500217300001200252490003900264650002600303650002800329650001700357650001400374650001400388650001100402YPZ9573YPZ20251030133520.0251030s1975 ag grb 001 0 spa d cSIUNPAaSIUNPAbspaeAACR2 aspa aag a355.48 D277e2 aDaza, José S.e, autor aEpisodios militaresc/ José S. Daza a2a. ed. aBuenos Airesb: Eudebac, 1975 a135 p.  a(Lucha de fronteras con el indio)  aOPERACIONES MILITARES aCONQUISTA DEL DESIERTO  aCIVILIZACION aFRONTERA  aINDIGENAS aGUERRA